| Tag |
First Indicator |
Second Indicator |
Subfields |
| LEADER |
00000pam a2200000 i 4500 |
| 001 |
in00000058618 |
| 005 |
20151008050440.0 |
| 008 |
790809s1979 nyub b 00000 eng |
| 010 |
|
|
|a 79019512
|
| 020 |
|
|
|a 0030489164
|
| 035 |
|
|
|a (OCoLC)05310571
|
| 035 |
|
|
|9 AAG1110AM
|
| 040 |
|
|
|a DLC
|c DLC
|d TXA
|d UtOrBLW
|
| 043 |
|
|
|a f-cg---
|
| 049 |
|
|
|a TXAM
|c [981107]
|
| 050 |
0 |
0 |
|a HC591.C6
|b Z37
|
| 082 |
0 |
|
|a 330.9/675/103
|
| 245 |
0 |
0 |
|a Zaire, the political economy of underdevelopment /
|c edited by Guy Gran with the assistance of Galen Hull.
|
| 264 |
|
1 |
|a New York :
|b Praeger,
|c 1979.
|
| 300 |
|
|
|a xviii, 331 pages :
|b maps ;
|c 24 cm.
|
| 336 |
|
|
|a text
|b txt
|2 rdacontent
|
| 337 |
|
|
|a unmediated
|b n
|2 rdamedia
|
| 338 |
|
|
|a volume
|b nc
|2 rdacarrier
|
| 490 |
0 |
|
|a Praeger special studies
|
| 504 |
|
|
|a Bibliography: pages 319-331.
|
| 651 |
|
0 |
|a Congo (Democratic Republic)
|x Economic policy.
|
| 651 |
|
0 |
|a Congo (Democratic Republic)
|x Politics and government.
|
| 651 |
|
0 |
|a Congo (Democratic Republic)
|x Social conditions.
|
| 651 |
|
0 |
|a Congo (Democratic Republic)
|x Rural conditions.
|
| 651 |
|
0 |
|a Congo (Democratic Republic)
|x Foreign relations.
|
| 700 |
1 |
|
|a Gran, Guy.
|
| 700 |
1 |
|
|a Hull, Galen.
|
| 999 |
|
|
|a MARS
|
| 999 |
f |
f |
|s b3c5f184-5414-3b55-869e-ebf6b3243cfe
|i 73151a47-038d-3eb5-a663-f2236965465f
|t 0
|
| 952 |
f |
f |
|p ric
|a Texas A&M University
|b Rellis Campus
|c Joint Library Facility
|d Remote Storage
|t 0
|e HC591.C6 Z37
|h Library of Congress classification
|i unmediated -- volume
|m A14802606249
|
| 998 |
f |
f |
|a HC591.C6 Z37
|t 0
|l Remote Storage
|